1063 1478 1968 1177 1186 1300 1372 1203 1871 1737 1818 1122 1781 1319 1625 1805 1939 1638 1934 1470 1938 1017 1910 1764 1120 1272 1875 1564 1903 1018 1993 1215 1106 1838 1669 1160 1077 1916 1398 1766 1181 1457 1433 1711 1904 1863 1553 1828 1932 1700 1972 1206 1038 1036 1802 1956 1841 1039 1433 1609 1480 1232 1550 1692 1725 1082 1252 1746 1411 1727 1584 1196 1095 1698 1987 1866 1779 1498 1158 1811 1582 1580 1182 1124 1108 1807 1534 1117 1239 1157 1122 1691 1120 1229 1380 1161 1934 1796 1067 BCNSPRNW ULIB Ver.6.0+V

เปลี่ยนเป็นภาษาไทย

Change to English
 แสดงรายละเอียดบรรณานุกรม
  กลับหน้าหลัก

Brief Record : Get Marc (ISO 2709) : E-mail record : QR code < ปิดหน้าต่าง
LEADER : 00000nam 2200000uu 4500
001    13399112015
003     ULIB
008    110722s2554||||th 000 0 tha d
024     9789744017888
060 04 WY156^bอ832ค
100 0   อุบล จ๋วงพานิช
245 10 คู่มือการพยาบาลผู้ป่วยมะเร็งที่ได้รับยาเคมีบำบัด /^cอุบล จ๋วงพานิช
250    พิมพ์ครั้งที่ 1
260    ขอนแก่น :^bโรงพิมพ์คลังนานาวิทยา,^c2554
300    177 หน้า :^bภาพประกอบ ;^c21 ซม.
650  4 การส่งเสริมสุขภาพ
650  4 มะเร็ง^xการป้องกันและควบคุม
650  4 มะเร็ง^xการพยาบาล
650  4  การพยาบาลผู้ป่วยมะเร็ง
710     หอผู้ป่วยเคมีบำบัด 5 จ. แผนการพยาบาลบำบัดพิเศษ งานบริการพยาบาล โรงพยาบาลศรีนครินทร์ คณะแพทยศาตร์ มหาวิทยาลัยขอนแก่น
945    ^p190^l0^i030373
945    ^p190^l0^i030374
945    ^p190^l0^i030375
945    ^p190^l0^i030376
945    ^p190^l0^i030377
945    ^p190^l0^i030378
945    ^p190^l0^i030379
945    ^p190^l0^i031023
945    ^p190^l0^i031024
945    ^p190^l0^i031025
995    เกษร
999 ^a ใช้งานได้ทุกระบบ
รายการนี้ยังไม่มีแท็ก
คุณยังไม่ได้ล็อกอิน คุณสามารถมีกิจกรรมร่วมกับเว็บไซต์ได้ แต่ต้องล็อกอินก่อน ::
  ล็อกอิน

รายการสื่อสารสนเทศ

ลำดับที่ ประเภท เลขเรียก/บาร์โค้ด สถานที่ สถานะ
1. วิทยาศาสตร์การแพทย์ และสุขภาพ
หนังสือสำรอง
สถานะ=หนังสือสำรอง
WY156 อ832ค ฉ.1 
  Barcode: 030373
ห้องสมุดวิทยาเขตสวรรค์ประชารักษ์
►ส่วนจัดเก็บหนังสือเก่า สปร
บนชั้น
  ขอยืม
2. วิทยาศาสตร์การแพทย์ และสุขภาพ
วิทยาศาสตร์การแพทย์ และสุขภาพ
WY156 อ832ค ฉ.10 
  Barcode: 031025
ห้องสมุดวิทยาเขตสวรรค์ประชารักษ์
►ส่วนจัดเก็บหนังสือเก่า สปร
บนชั้น
  ขอยืม
3. วิทยาศาสตร์การแพทย์ และสุขภาพ
วิทยาศาสตร์การแพทย์ และสุขภาพ
WY156 อ832ค ฉ.2 
  Barcode: 030374
ห้องสมุดวิทยาเขตสวรรค์ประชารักษ์
►ส่วนจัดเก็บหนังสือเก่า สปร
บนชั้น
  ขอยืม
4. วิทยาศาสตร์การแพทย์ และสุขภาพ
วิทยาศาสตร์การแพทย์ และสุขภาพ
WY156 อ832ค ฉ.4 
  Barcode: 030376
ห้องสมุดวิทยาเขตสวรรค์ประชารักษ์
►ส่วนจัดเก็บหนังสือเก่า สปร
บนชั้น
  ขอยืม
5. วิทยาศาสตร์การแพทย์ และสุขภาพ
วิทยาศาสตร์การแพทย์ และสุขภาพ
WY156 อ832ค ฉ.5 
  Barcode: 030377
ห้องสมุดวิทยาเขตสวรรค์ประชารักษ์
►ส่วนจัดเก็บหนังสือเก่า สปร
บนชั้น
  ขอยืม
6. วิทยาศาสตร์การแพทย์ และสุขภาพ
วิทยาศาสตร์การแพทย์ และสุขภาพ
WY156 อ832ค ฉ.6 
  Barcode: 030378
ห้องสมุดวิทยาเขตสวรรค์ประชารักษ์
►ส่วนจัดเก็บหนังสือเก่า สปร
บนชั้น
  ขอยืม
7. วิทยาศาสตร์การแพทย์ และสุขภาพ
วิทยาศาสตร์การแพทย์ และสุขภาพ
WY156 อ832ค ฉ.7 
  Barcode: 030379
ห้องสมุดวิทยาเขตสวรรค์ประชารักษ์
►ส่วนจัดเก็บหนังสือเก่า สปร
บนชั้น
  ขอยืม

รายการใกล้เคียง
    หัวเรื่อง [การส่งเสริมสุขภาพ]
    หัวเรื่อง [มะเร็ง การป้องกันและควบคุม]
    หัวเรื่อง [การพยาบาลผู้ป่วยมะเร็ง]

BibComment


ยังไม่เคยถูกคอมเมนท์

คอมเมนท์ทรัพยากรรายการนี้
  คอมเมนท์: คู่มือการพยาบาลผู..


 Copyright 2026. Bcnsprnw @Library